| 000 | 01477nam0a22002891 4500 | ||
|---|---|---|---|
| 001 | rc\3419870 | ||
| 005 | 20130115141020.9 | ||
| 021 |
_aRU _b[74-42956] |
||
| 035 | _a(NLR Aleph) 007581885 | ||
| 090 |
_a5517441 _c5517441 |
||
| 100 | _a20130115d1974 |||y0rusy50 ca | ||
| 101 | 0 | _arus | |
| 102 | _aRU | ||
| 105 | _ay z ||||| | ||
| 200 | 1 |
_aМашинная интерпретация данных геофизических исследований угольных и железорудных скважин _eОбзор _fМ-во геологии СССР. [Всесоюз. науч.-исслед. ин-т экономики минер. сырья и геол.-развед. работ "ВИЭМС". Отраслевой центр науч.-техн. информации "ОЦНТИ"] |
|
| 210 |
_aМосква _cВИЭМС _d1974 |
||
| 215 |
_a55 с. _cграф. _d20 |
||
| 225 | 1 | _aСерия IX ["Региональная, разведочная и промысловая геофизика"] | |
| 320 | _aСписок лит.: с. 49-52 (43 назв.) | ||
| 606 |
_aКаротаж _xИнтерпретация результатов на вычислительных машинах _2psbo |
||
| 700 | 1 |
_aГотынян _bВ. С. _gВасилий Степанович |
|
| 701 | 1 |
_aКулинкович _bА. Е. _gАрнольд Евгеньевич |
|
| 801 | 0 |
_aRU _bNLR _gpsbo |
|
| 801 | 1 |
_aRU _bELAR _2rusmarc |
|
| 852 |
_aNLR _j74-4/10127 |
||
| 942 | _cBOOK | ||
| 980 | _aNB | ||